Evil Men in History by Picture - Statistics

General Stats
  • This quiz has been taken 1,294 times
    948 since last reset
  • The average score is 10 of 15
Answer Stats
Picture Answer % Correct
Adolf Hitler
99%
Joseph Stalin
95%
Osama Bin-Laden
88%
Mao Zedong
82%
Vladimir Lenin
80%
Fidel Castro
78%
Henry VIII
77%
Saddam Hussein
72%
Benito Mussolini
71%
Vlad the Impaler
69%
Heinrich Himmler
46%
Lee Harvey Oswald
45%
John Wilkes Booth
35%
Hideki Tojo
31%
Ivan the Terrible
27%
No matching quizzes found
Score Distribution
Percent of People with Each Score
Percentile by Number Answered
Your Score History
You have not taken this quiz since the last reset